000 00395nam a2200109 4500
999 _c11156
_d11156
008 181015b ||||| |||| 00| 0 eng d
245 _aPublic health:
_bbetter health package for persons with disability.
260 _aSan Miguel, Manila :
_bOP-Bureau of Communications Services,
_c2013-©2014.
300 _av22 n5, pages 56-58;
_c23cm.
650 _aDisability insurance
_936236
942 _2ddc
_cPER